Survival guide to organic chemistry (Record no. 1214147)

MARC details
000 -LEADER
fixed length control field 01114nam a2200313Ia 4500
003 - CONTROL NUMBER IDENTIFIER
control field OSt
005 - DATE AND TIME OF LATEST TRANSACTION
control field 20221007124810.0
008 - FIXED-LENGTH DATA ELEMENTS--GENERAL INFORMATION
fixed length control field 221006b |||||||| |||| 00| 0 eng d
020 ## - INTERNATIONAL STANDARD BOOK NUMBER
International Standard Book Number 9781498777070 (hbk)
037 ## - SOURCE OF ACQUISITION
Terms of availability Textual
040 ## - CATALOGING SOURCE
Original cataloging agency CDL
Transcribing agency CDL
Language of cataloging eng
041 ## - LANGUAGE CODE
Source of code eng
Language code of text/sound track or separate title eng
100 ## - MAIN ENTRY--PERSONAL NAME
Personal name McMahon Patrick E
9 (RLIN) 720530
245 #0 - TITLE STATEMENT
Title Survival guide to organic chemistry
Remainder of title Khomtchouk Bohdan B. Wahlestedt Claes
260 ## - PUBLICATION, DISTRIBUTION, ETC.
Place of publication, distribution, etc. Boca
Name of publisher, distributor, etc. Raton CRC
Date of publication, distribution, etc. 2017
300 ## - PHYSICAL DESCRIPTION
Extent xix,654p. ill.
Dimensions cm.
500 ## - GENERAL NOTE
General note Index 649-654p.
650 ## - SUBJECT ADDED ENTRY--TOPICAL TERM
Topical term or geographic name entry element Alkane and cycloalkane conformations
9 (RLIN) 720531
650 ## - SUBJECT ADDED ENTRY--TOPICAL TERM
Topical term or geographic name entry element Solve the reactions for organic I
9 (RLIN) 720532
650 ## - SUBJECT ADDED ENTRY--TOPICAL TERM
Topical term or geographic name entry element Structures for organic molecules
9 (RLIN) 720533
700 ## - ADDED ENTRY--PERSONAL NAME
Personal name Khomtchouk Bohdan B.
9 (RLIN) 720534
700 ## - ADDED ENTRY--PERSONAL NAME
Personal name Wahlestedt Claes
9 (RLIN) 720535
942 ## - ADDED ENTRY ELEMENTS (KOHA)
Classification part E5, Q7 Carc
Koha item type Textual
Source of classification or shelving scheme Colon Classification (CC)
Holdings
Withdrawn status Lost status Source of classification or shelving scheme Damaged status Not for loan Home library Current library Date acquired Source of acquisition Total Checkouts Full call number Barcode Date last seen Price effective from Koha item type
    Colon Classification (CC)     Department of Chemistry Library Department of Chemistry Library 2022-10-07 930, 01/03/2017, Capital Books Pvt.Ltd.   E5 Q7 Carc CD0009106 2022-10-07 2022-10-07 Textual
Copyright @ Delhi University Library System